Biblioteca

Genes, genesis, and God (Registro nro. 63967)

Detalles MARC
000 -LÍDER
Campo fijo de descripción fija 01634cam a2200385 a 4500
001 - NÚMERO DE CONTROL
Campo de control 1198072
003 - IDENTIFICADOR DEL NÚMERO DE CONTROL
Campo de control CO-MdFUSB
005 - FECHA Y HORA DE LA ULTIMA TRANSACCIÓN
control field 20180622072747.0
008 - ELEMENTOS DE LONGITUD FIJA -- INFORMACIÓN GENERAL
Campo fijo de descripción fija -- Información general 980512t1999 enkad f b 001 0 eng
010 ## - NÚMERO DE CONTROL DE LA BIBLIOTECA DEL CONGRESO
Número de control LC 98020715
020 ## - NÚMERO INTERNACIONAL NORMALIZADO PARA LIBROS
Número Internacional Normalizado del libro 052164108X (hardback)
020 ## - NÚMERO INTERNACIONAL NORMALIZADO PARA LIBROS
Número Internacional Normalizado del libro 052164674X (pbk.)
040 ## - FUENTE DE CATALOGACIÓN
Agencia de catalogación original DLC
Agencia que realiza la transcripción CO-MdFUSB
Agencia que realiza la modificación CO-MdFUSB
Idioma de catalogación spa
Convenciones de la descripción rda
041 ## - CÓDIGO DE IDIOMA
Código de idioma para texto/pista de sonido o título separado eng
082 00 - NÚMERO DE CLASIFICACIÓN DECIMAL DEWEY
Número de la edición del Dewey 24
Número de clasificación G 171.7
Clave de autor-Numero de item R755g
100 1# - ASIENTO PRINCIPAL--NOMBRE PERSONAL
Nombre personal Rolston, Holmes,
Fechas asociadas con el nombre 1932-
Término relacionador autor
245 10 - TÍTULO
Título del Material Genes, genesis, and God
Parte restante del título - Subtitulo : values and their origins in natural and human history
Mención de responsabilidad, etc. / Holmes Rolston, III
264 #1 - PRODUCCIÓN, PUBLICACIÓN, DISTRIBUCIÓN, MANUFACTURA, Y COPYRIGHT
Lugar de producción, publicación, distribución, manufactura Cambridge, U.K. ;
Nombre del productor, publicador, distribuidor Cambridge University Press,
Fecha de producción, publicación, distribución, manufactura, o copyright ℗[1999]
264 #4 - PRODUCCIÓN, PUBLICACIÓN, DISTRIBUCIÓN, MANUFACTURA, Y COPYRIGHT
Fecha de producción, publicación, distribución, manufactura, o copyright ©1999
300 ## - DESCRIPCIÓN FÍSICA
Extensión xvi, 400 páginas :
Otros detalles físicos ilustraciones ;
Dimensiones 24 cm.
336 ## - TIPO DE CONTENIDO
Fuente rdacontent
Término de tipo de contenido
Código de tipo de contenido
337 ## - TIPO DE MEDIO
Fuente rdamedia
Nombre del tipo de medio
Código del tipo de medio
338 ## - TIPO DE SOPORTE
Fuente rdacarrier
Nombre del tipo de soporte
Código Tipo de soporte
490 ## - MENCIÓN DE SERIE
Mención de serie The Gifford Lectures
500 ## - NOTA GENERAL
Nota General "The Gifford Lectures, University of Edinburgh, 1997-1998."
501 ## - NOTA DE “CON”
Nota de Contenido Incluye índice (p. 387- 400)
504 ## - NOTA DE BIBLIOGRAFÍA, ETC.
Nota de bibliografía, etc Bibliografía (p. 371- 386)
505 ## - NOTA DE CONTENIDO
Nota de contenido con formato preestablecido Valores genéticos: diversidad y complejidad de la historia natural -- Identidad genética: valores conservados e integrados -- Cultura: genes y génesis de la cultura humana -- Ciencia: naturalizada, socializada, evaluada -- Ética: naturalizada, socializada, evaluada -- Religión : Naturalizado, socializado, evaluado
650 #7 - ASIENTO SECUNDARIO DE MATERIA - TERMINO TEMÁTICO
Término temático o nombre geográfico como elemento de entrada Religión
9 (RLIN) 385
653 ## - TÉRMINO DE INDIZACIÓN - NO CONTROLADO
Término no controlado Ética, evolutiva
906 ## - LOCAL DATA ELEMENT F, LDF (RLIN)
a 7
b cbc
c orignew
d 1
e ocip
f 19
g y-gencatlg
942 ## - TIPO DE MATERIAL (KOHA)
Tipo de Item KOHA Libros General
Existencias
Estado de Material Estado de Perdido Forma de Clasificación Estado de Dañado No para Préstamo Colección Biblioteca de Origen Biblioteca Permanente Fecha de Adquisición Total de Préstamos Signatura Topográfica Código de Barras Última vez visto Ejemplar/Existencia Fecha de Remplazo Tipo de Material
    Dewey Decimal Classification     Colección General Biblioteca FUSBC Biblioteca FUSBC 04/08/2017   G 171.7 R755g 23089 12/12/2019 Ej. 1 04/08/2017 Libros General

Biblioteca FUSBC | Teléfono: (57+4) 349 88 10 Ext. 141| WhatsApp (+57) 3005338115 
E-mail: biblioteca@unisbc.edu.co | Calle 76 87-14 Robledo Palenque, Medellín, Colombia

Con tecnología Koha